00853nam a22002657a 45000010005000000030006000050050017000110080041000280200015000690400029000840500008001130820010001211000018001312450074001492600045002233000050002685050008003185210029003265210020003556500024003757000034003999420015004339990015004489520124004638053FISKH20250819162543.0250819b cb ||||| |||| 00| 0 eng d a188089274X aFISKHbengcFISKHdFISKH aPZ7 a428.6 aGouin, Lieba  aUnderwater friends /cBy Lieba Gouin : Illustrated by Jane Tasciotti  aFlorida : bCommon Sense Press , c1998. a40 pages : bcolor illustrations ; c20 cm .  aJ 8 a500 bLexile estimate 8 aJ bRaz-Plus  aHomeschoolvFiction aTasciotti, JaneeIllustrator  2ddccBKn0 c8053d8053 00102ddc4070a002b002cTTP Dark Blued2025-08-19l0oGOU PZ7 428.6pFISSE03051r2025-08-19 16:25:40w2025-08-19yBK